Statistics for Ubi est Caput Civitatis in Tabula Geographica?

Click here to take the quiz!

General Stats

  • This quiz has been taken 3 times
  • The average score is 10 of 15

Answer Stats

QuestionAnswer% Correct
.
100%
.
100%
.
100%
.
100%
.
67%
.
67%
.
67%
.
67%
.
67%
.
67%
.
67%
.
67%
.
33%
.
33%
.
33%

Score Distribution

Percentile by Number Answered

Percent of People with Each Score

Your Score History

You have not taken this quiz